000 00923nam a22002297a 4500
999 _c17107
_d17107
003 AR-CdUCM
008 190507b ||||| |||| 00| 0 spa d
040 _aMUNICIPALIDAD PROVINCIAL DEL CUSCO
_cBIBLIOTECA MUNICIPAL DEL CUSCO
082 _a980.5 /
_bD52
100 _aDegregori, Carlos Iván
_947
245 _aIndigenismo, clases sociales y problema nacional :
_bLa discusión sobre el problema indígena en el Perú /
260 _aLima :
_bCelats,
_c1537.
300 _a251 páginas;
_c23 cm.
505 _aContenido: Problemática nacional -- Clases sociales en el Perú -- Planteamiento de Haya de la Torre y José Carlos Mariátegui sobre el problema indígena...
650 _aProblemática del indio
_936959
650 _aIndigenismo
_9208
650 _aEstratificación social
_936960
700 _aValderrama, Mariano
_936961
700 _aAlfajeme, Augusta
_936962
942 _2ddc
_cLIBROS
945 _arcc